Quizzes
Events
Quiz Creation
Community
Videos
Private Events
Remove Ads
Sign In
Join for FREE
Feedback
Dark Mode
Quiz Categories
Sports
Geography
Music
Movies
Television
Just For Fun
Miscellaneous
History
Literature
Language
Science
Gaming
Entertainment
Religion
Holiday
For Kids
Quiz Lab
Recent
Popular Today
Quiz Kudos Today
Editor Picks
Curator Picks
Quizzes by...
Day
Popularity
Type
Ratings
Length
Year
Community
Subscriptions
Recent Discussions
Orange Saloon
Badges
Playlists
Quests
Create
Leaderboards
Showdown
Live 5
Trivia Bingo
Activity
Puzzle Library
Sporcle Events
Private Events
Virtual Trivia
Globe League
Become a Host
Pub Owners
SporcleCon
Opinionation
Our Games
Videos
Blog
Mobile Apps
Partnerships
Remove Ads and Go Orange
Feedback
Language
Vocabulary
Begins and Ends
Definition
Spanish
French
German
Italian
Chinese
Latin
Translation
Japanese
Language
Vocabulary
Begins and Ends
Definition
Spanish
French
German
Italian
Chinese
Latin
Translation
Japanese
Random Quiz
Search Sporcle
×
Quiz Lab
Quiz Lab
Language
Ending
Type in answers that appear in a list
Type in answers that appear in a list
Classic
Best Score? Go Orange.
Words ending in tty Stats
Can you name the words ending in tty?
By
longboard
5m
30 Questions
12 Plays
12 Plays
12 Plays
Comments
Comments
Give Quiz Kudos
Give Quiz Kudos
-
- Ratings
hide this ad
Replay
Link that replays current quiz
Next Quiz
Link to next quiz in quiz playlist
You Got
0%
They Got
Avg Score
57%
Avg Friend Score
Upgrade to see
Score Distribution
Jump to the score distribution portion of the page
Score
0/30
Timer
05:00
0
Plays Today
Clue
Word
% Correct
Mrs. White, Crocker, Hoop, or Grable
Betty
81.8%
Julia Roberts' 1990 film, _
_
_
_
_
_
Woman
Pretty
81.8%
Mrs. Duke, Smyth, Loveless, or Bouvier
Patty
81.8%
Tom _
_
_
_
_
_
and the Heartbreakers
Petty
81.8%
Talkative
Chatty
72.7%
Whorey, trampy
Slutty
72.7%
What children call the toilet
Potty
72.7%
A fat person's common nickname
Fatty
72.7%
_
_
_
_
_
_
_
_
_
_
_
_
Bang Bang
Chitty
72.7%
Eddie Murphy's The _
_
_
_
_
_
Professor film franchise
Nutty
72.7%
Hello _
_
_
_
_
or kitten
Kitty
63.6%
Dick Tracy's American actor, Warren....
Beatty
63.6%
Nickname for Matthew
Matty
63.6%
Humorous, amusing
Witty
54.5%
Spoiled, self-
centered, and badly behaved
Bratty
54.5%
Clue
Word
% Correct
Tiny
Bitty
54.5%
The Secret Life of Walter _
_
_
_
_
_
Mitty
54.5%
Very small, tiny, (first word)
Itty
54.5%
The Golden Girls actress, Estelle....
Getty
45.5%
Deliberately hurtful in one's remarks; spiteful
Catty
45.5%
Slang for a contemptible person or action; worthless
S**tty
45.5%
A short simple song
Ditty
45.5%
(Of a person, action, or idea) somewhat mad or eccentric
Dotty
45.5%
Star Trek's character played by James Doohan and Simon Pegg
Scotty
36.4%
The Fast and the Furious character played by Michelle Rodriguez
Letty
36.4%
Courageous, brave, valiant
Gritty
27.3%
Crazy, insane (informal term)
Batty
27.3%
Patchy, uneven, inconsistent
Spotty
18.2%
Vulgar, rude, crude, salacious
Smutty
18.2%
2010 Japanese animated film, The Secret World of...
Arrietty
18.2%
Quiz Playlist
Details
Report
Send in Message
Add To Playlist
Classic:
Type in answers that appear in a list
Last Updated: Feb 16, 2017
Quiz Scoreboard
CHALLENGE
Sign Up to Join the Scoreboard
Show All
Scores
Hide
Comments
May contain spoilers
Recently Published
Presidents Visiting Landmarks
by Hejman
History
7m
An Introduction to Baseball
by treessimontrees
Sports
5m
Movies - When Are They Set?
by FPL_Elf
Movies
5m
More to Explore
Quiz From the Vault
Featured Blog Post
Where Did the Easter Bunny Come From?
hide this ad
You Might Also Like...
Tags
Ending
Today's Top Quizzes in Language
Browse Language
hide this ad
Today's Top Quizzes in Ending
Browse Ending
Top Contributed Quizzes in Language
1
1-10 Letter F Words III
2
Order Up: Top 10 Most Native Spoken Languages
3
1-10 Letter G Words III
4
1-10 Letter H Words III
5
One Thing in Common: Italy
6
Weisst du, aus welchen Sprachen diese Wörter stammen?
7
1-10 Letter I Words III
8
1-10 Letter J Words III
9
Celtic Nations in their Language
10
Begins and Ends With AN
Explore More
Trending Topics
Anime
Disney
Marvel
NBA
Kpop
Crossword
Harry Potter
Song
The Office
Country
WWE
Pokémon
Puzzle
NFL
Soccer
hide this ad
More By:
longboard
Quiz
Plays
Rating
Category
Featured
Created
Countries of the Americas A-Z
73,244
4.69
Geography
May 7, 2015
'S' African Countries
62,122
4.60
Geography
May 8, 2015
First and Last Five Countries: World
54,876
4.68
Geography
Jun 12, 2015
Island Nations A-Z
50,269
4.50
Geography
May 7, 2015
Amazon Rainforest Countries
46,845
3.88
Geography
Apr 1, 2014
Go to Creator's Profile
Score Distribution
Quiz Creator Spotlight
longboard
Follow
Send a Message
Quizzes Created
-
Created Quiz Play Count
-
More By This Creator
Popular Quizzes Today
1
Find the Countries of Europe - No Outlines Minefield
2
Find the US States - No Outlines Minefield
3
The Countries of the World
4
Popular People in 1961
5
Find the US States
6
US States
7
Risky Map Clicking: Biggest States A-Z
8
1-10 Letter E Words III
More Language Quizzes
ART-ful Words
Editor's Pick
Trending Quizzes
Risky Map Clicking: Least Populous States A-Z
1-10 Letter F Words
1-10 Letter G Words
One Thing in Common: United Kingdom
Risky Map Clicking: Next State Alphabetically
Recently Updated
Leaping Animals
pecheneg
Reality TV Shows (A-Z)
bhenderson79
Rickey Henderson's Hall of Fame Teammates
pecheneg
Champions League XIs: Arsenal
pecheneg
Quick Pick: Celebrities in WWE's Hall of Fame
aduchscher
A-Z Keypad Blitz II
pecheneg
Multiple Oscar Actors
pecheneg
Mystery Phrase Blitz: Oscar 'Best Actors'
pecheneg
F. Scott Fitzgerald Novels
LTH
Pick 3 Villains
ddd62291
Trending Topics
Disney
Crossword
Marvel
Anime
NBA
Kpop
Harry Potter
The Office
NFL
Soccer
Song
Country
WWE
Puzzle
Pokémon
Your Account Isn't Verified!
In order to create a playlist on Sporcle, you need to verify the email address you used during registration. Go to your
Sporcle Settings
to finish the process.
Report this User
Report this user for behavior that violates our
Community Guidelines
.
Details:
Send Report
Go to the Sporcle.com Mobile Site →
Comments